| 000 | 00635nam a2200205 i 4500 | ||
|---|---|---|---|
| 001 | bg | ||
| 245 | 0 | 0 |
_aProgramy nowej orientacji PHARE realizowane w Polsce. _nT.2 / _c[Urszula Demidziuk et al.] ; Urząd Komitetu Integracji Europejskiej. |
| 260 |
_aWarszawa : _bUKIE, _c2003. |
||
| 300 |
_a103, [1] s. : _bmapy kolor. ; _c30 cm. |
||
| 650 | 9 |
_aPHARE _zPolska |
|
| 700 | 1 | _aDEMIDZIUK, Urszula | |
| 710 | 0 | _aUrząd Komitetu Integracji Europejskiej | |
| 020 | _a8389218011 | ||
| 040 | _cBPK | ||
| 041 | 0 | _apol | |
| 080 | _a338.22(438:4-67) | ||
| 920 | _a83-89218-01-1 | ||
| 942 | _cKS | ||
| 008 | s pl f |000 0 pol | ||
| 999 |
_c43233 _d43233 |
||
| 856 |
_uhttp://koha.tu.koszalin.pl/cgi-bin/koha/opac-detail.pl?biblionumber=43233 _yKatalog online BPK |
||